| 000 | 00627nam a22002057i 4500 | ||
|---|---|---|---|
| 003 | URS | ||
| 005 | 20220117120355.0 | ||
| 008 | 180517b xxu||||| |||| 00| 0 eng d | ||
| 040 |
_erda _cURS _beng |
||
| 050 |
_aHC28.5 _b.N354 1997 |
||
| 100 | _aNera-Lauron, Maria Theresa | ||
| 245 |
_aEkonomiks: pinag-samang workbook at textbook / _cMaria Theresa Nera-Lauron. -- |
||
| 264 | 1 |
_bIbon Ed Books, _c1997. |
|
| 300 |
_a126 pages : _billustrations ; _c26 cm |
||
| 336 |
_atext _btxt _2rdacontent |
||
| 337 |
_aunmediated _bn _2rdamedia |
||
| 338 |
_avolume _bnc _2rdacarrier |
||
| 650 | _a Economics -- Philippines. | ||
| 942 |
_2lcc _cF |
||
| 999 |
_c4511 _d4511 |
||